000 00578nam a2200145Ia 4500
008 140724s9999 xx 000 0 und d
050 _aR 726
_b.Se463 2011
100 _aSekhanan, Christian E.
245 _aEffects of familiar immediate environment on recall of nonsense figures among second year college students of Southville International School and Colleges /
_cChristian E. Sekhanan.
260 _aLas PiƱas, Philippines :
_bSouthville International School and Colleges,
_cc2011.
300 _a48 p. :
_c28 cm.
521 _aPsychology
942 _cTH
999 _c228775
_d228775